Дело о выкупе земельных наделов временнообязанными крестьянами П. И. Ляховича хуторов Кагамлицкого и Гирмана Кременчугcкого уезд...

RUSMARC
00005495cmc2a2200000#x 450
0014f4fe806-70a3-4b0e-addb-96c764c46cfd
00520190408165754.0
100##$a20140731l18631864k l0rusy0189 ca
1010#$arus
102##$aRU
2001#$aДело о выкупе земельных наделов временнообязанными крестьянами П. И. Ляховича хуторов Кагамлицкого и Гирмана Кременчугcкого уезда Полтавской губернии
$j13 декабря 1863 г. - 27 августа 1864 г.
251##$cДело
300##$aПечатный и рукописный текст
300##$aОригинальный заголовок дела: Дело Ляховича П. И. Полтавской губернии Кременчугского уезда хуторов Кагамлицкого и Гирмана : 13 декабря 1863 г. - 27 августа 1864 г.
801#0$aRU
$bРГИА
$c20140731
801#1$aRU
$bГлавНИВЦ
$c20140731
$2rusmarc
801#2$aRU
$bПБ им. Б.Н. Ельцина
$c20161117
$gRCR
$2rusmarc
850##$aФедеральное казенное учреждение "Российский государственный исторический архив" (РГИА)
852##$aРГИА
$j799
937##$hРГИА
$d11161078
$aASBIBLIO_SCAN
462#0$1001357da342-6188-4f17-a51a-1739068847eb
$12001
$aДела Главного выкупного учреждения Министерства финансов по Полтавской губернии
$vД. 799
$1251
$cОпись
$1852
$j30
461#0$10018ef30ad5-ff5c-4840-a721-74c62a200f95
$12001
$aГлавное выкупное учреждение Министерства финансов
$1251
$cФонд
$1852
$j577
215##$a35 листов
$d36,5x26 см
371##$aДокумент не является опубликованным и широко распространяемым
105##$aу###
1222#$ad18631213##
$ad18640827##
5171#$aДело Ляховича П. И. Полтавской губернии Кременчугского уезда хуторов Кагамлицкого и Гирмана
$e13 декабря 1863 г. - 27 августа 1864 г.
035##$a4f4fe806-70a3-4b0e-addb-96c764c46cfd
856##$uhttp://readingroom.main.prlib.ru/item.aspx?id_node=n90953465&mode=full
605##$2acquisition_Prlib
$3DITM\AF\0000003834
$aНарод
$lколлекция
605##$aТерритория
$lколлекция
$2acquisition_Prlib
$3DITM\AF\0000004675
6061#$2prlib_sh
$3LIBNET\UAF\0000082677
$aКрестьянская реформа
$jДокументы и материалы
$yРоссия
$yПолтавская губерния
$z1861
617##$2prlib_sh
$cПолтавская губерния
617##$2prlib_sh
$aУкраина
686##$2rubbk
$a63.3(28-8Пол)52ю1
$vLBC/M
Формат отображения